Normal view
MARC view
- Reforma educativa
Entry Materia
Number of records used in: 236
001 - NÚMERO DE CONTROL DEL REGISTRO
- campo de control: 1530
003 - IDENTIFICADOR DE NUMERO DE CONTROL
- campo de control: MX-MxUPN
005 - FECHA Y HORA DE LA ÚLTIMA TRANSACCIÓN
- campo de control: 20260323144017.0
008 - DATOS DE LONGITUD FIJA
- campo de control de longitud fija: 230607d| acnnnbabn a ana |d
035 ## - NÚMERO DE CONTROL DEL SISTEMA
- Número de control del sistema: UPN10000001530
040 ## - FUENTE DE LA CATALOGACIÓN
- Centro catalogador de origen: MX-MxUPN
- Lengua de catalogación: spa
- Agencia de transcripción: MX-MxUPN
150 ## - ENCABEZAMIENTO - TEMÁTICO
- Término de materia o nombre geográfico como elemento inicial: Reforma educativa
450 ## - VÉASE - MATERIA
- Subcampo de control: nno
- Encabezamiento temático: Cambio educativo
450 ## - VÉASE - MATERIA
- Encabezamiento temático: Cambio educacional
450 ## - VÉASE - MATERIA
- Encabezamiento temático: Educación
- Subdivisión temática general: Reforma
450 ## - VÉASE - MATERIA
- Encabezamiento temático: Reforma de la educación
670 ## - FUENTE EN LA QUE SE LOCALIZARON DATOS
- Cita de la fuente: LC/P
- Información localizada: Educational change (May subd. geog.)
670 ## - FUENTE EN LA QUE SE LOCALIZARON DATOS
- Cita de la fuente: LEMB, 1998:
- Información localizada: página 902 (Reforma educativa)
680 ## - NOTA GENERAL CON DESPLIEGUE PÚBLICO
- Texto explicativo: Aquí se asientan las obras sobre las variaciones en el ámbito de la procuración de la educación total, incluyendo la modificación de planes de estudio, métodos de enseñanza, modelos de incsripción, etc.
902 ## - CATALOGADOR
- Catalogador: MEEG/140105
- Catalogador: Víctor Ruiz/230326
